Customer as a Key Factor in Marketing of Sport and Related Domains

Význam a realizácia marketingu v oblasti športu a determinanty vplyvu na zákazníka. Segmentácia zákazníkov a využívateľov športových služieb a aktivít - môžu ovplyvniť marketingové rozhodnutia. Význam dobrého manažmentu a marketingu v športe pre úspešné podnikanie v oblasti športu, športových služie...

ver descrição completa

Na minha lista:
Detalhes bibliográficos
Autor principal: Chebeň, Juraj
Formato: Capítulo de Livro
Idioma:inglês
Assuntos:
Tags: Adicionar Tag
Sem tags, seja o primeiro a adicionar uma tag!

MARC

LEADER 00000naa$a2200000$$$4500
001 0059256
005 20240502083141.6
041 0 |a eng 
044 |a RO 
245 1 0 |a Customer as a Key Factor in Marketing of Sport and Related Domains  |c Juraj Chebeň 
520 |a Význam a realizácia marketingu v oblasti športu a determinanty vplyvu na zákazníka. Segmentácia zákazníkov a využívateľov športových služieb a aktivít - môžu ovplyvniť marketingové rozhodnutia. Význam dobrého manažmentu a marketingu v športe pre úspešné podnikanie v oblasti športu, športových služieb, športových aktivít. 
610 2 0 |a šport 
610 2 0 |a služby 
610 2 0 |a zákazníci 
610 2 0 |a marketing 
610 2 0 |a manažment 
610 2 0 |a rozhodovanie 
100 1 |a Chebeň, Juraj